| 000 | 00000nam##2200000za#4500 |
| 001 | 9.639452 |
| 003 | CaOODSP |
| 005 | 20240209132626 |
| 007 | cr ||||||||||| |
| 008 | 150407|2000||||xxc|||||o f|0| 0 fre|d |
| 040 | |aCaOODSP|bfre |
| 043 | |an-cn--- |
| 086 | 1 |aC89-4/74-2000F-PDF |
| 110 | 2 |aAgence de promotion économique du Canada atlantique. |
| 245 | 10|aGroupes de discussion sur l'entrepreneurship chez les jeunes / |h[ressource électronique]|corganisés pour le compte de l'Agence de promotion économique du Canada atlantique par Omnifacts Research. |
| 260 | |bAgence de promotion économique du Canada atlantique |cJanvier 2000. |
| 300 | |a27p.|bfigure |
| 590 | |a11-30-Supp|b2011-12-02 |
| 691 | 07|aEntrepreneuriat|2gcpds |
| 691 | 07|aJeune adulte|2gcpds |
| 710 | 2 |aOmnifacts Research. |
| 775 | 08|tYouth entrepreneurship focus groups / |w(CaOODSP)9.695306 |
| 776 | 0#|tGroupes de discussion sur l'entrepreneurship chez les jeunes / |w(CaOODSP)9.681234 |
| 856 | 40|ahttp://publications.gc.ca|qPDF|s66 Ko|uhttps://publications.gc.ca/collections/Collection/C89-4-74-2000F.pdf |